Vorname als Nachname als Vorname #9 - Statistiken

Allgemein
  • Dieses Quiz wurde 166 mal gespielt
  • Das Durchschnittsergebnis liegt bei 8 aus 14
Antwortstatistiken
Vorname ? Name ? Nachname % Korrekt
Benjamin Karl Marx
88%
Marlene Dietrich von Bern
79%
Cliff Richard Wagner
79%
Etta James Last
73%
Boy George Lucas
70%
Ru Paul Anka
55%
Ernst-Marcus Thomas Jefferson
50%
Paul Stanley Kubrick
48%
Vince Neil Diamond
46%
'Sugar' Ray Leonard Cohen
43%
Fritz Walter Röhrl
43%
Kay Ray Charles
42%
T.S. Eliot Ness
31%
Kevin Romy Schneider
17%
Keine übereinstimmenden Quizze gefunden
Verteilung der Resultate
Anzahl Personen mit jedem Resultat
Perzentil nach korrekt beantworteten Fragen
Ihre Resultats-Entwicklung
Sie haben dieses Quiz noch nicht gespielt